[Event "18th Charleroi Open-A 2019"]
[Site "Charleroi"]
[Date "2019.07.27"]
[Round "1.19"]
[White "Godde, Matthias"]
[Black "Iolis, Oleg"]
[Result "0-1"]
[WhiteElo "1989"]
[BlackElo "2178"]
[Annotator "NA"]
[PlyCount "132"]
[EventDate "2019.07.22"]
[EventType "swiss"]
[EventCountry "BEL"]
[SourceTitle "playchess.com"]
[Source "ChessBase"]
[SourceQuality "1"]
[TimeControl "40/5400+30:1800+30"]

1. e4 {[%emt 0:00:00]} c5 {[%emt 0:00:00]} 2. c3 {[%emt 0:00:00]} Nf6 {[%emt 0:00:44]} 3. e5 {[%emt 0:00:00]} Nd5 {[%emt 0:00:03]} 4. d4 {[%emt 0:00:00]} cxd4 {[%emt 0:00:07]} 5. cxd4 {[%emt 0:00:00]} d6 {[%emt 0:00:45]} 6. Nf3 {[%emt 0:00:06]} Nc6 {[%emt 0:02:09]} 7. Bc4 {[%emt 0:00:08]} Nb6 {[%emt 0:00:50]} 8. Bb5 {[%emt 0:00:07]} dxe5 {[%emt 0:01:58]} 9. Nxe5 {[%emt 0:00:07]} Bd7 {[%emt 0:00:05]} 10. Nxd7 {[%emt 0:00:25]} Qxd7 {[%emt 0:00:08]} 11. Nc3 {[%emt 0:00:53]} e6 {[%emt 0:02:03]} 12. O-O {[%emt 0:01:19]} Be7 {[%emt 0:00:37]} 13. Qg4 {[%emt 0:00:12]} O-O {[%emt 0:01:14]} 14. Bh6 {[%emt 0:04:06]} Qxd4 {[%emt 0:06:48]} 15. Qg3 {[%emt 0:03:53]} Bh4 {[%emt 0:03:03]} 16. Be3 {[%emt 0:06:44]} Bxg3 {[%emt 0:00:08]} 17. Bxd4 {[%emt 0:00:03]} Bxh2+ {[%emt 0:00:22]} 18. Kxh2 {[%emt 0:00:04]} Nxd4 {[%emt 0:00:05]} 19. Bd3 {[%emt 0:00:55]} Rfd8 {[%emt 0:09:03]} 20. Be4 {[%emt 0:10:48]} Rd7 {[%emt 0:00:07]} 21. g3 {[%emt 0:00:05]} Nc4 {[%emt 0:04:51]} 22. Bg2 {[%emt 0:00:47]} Rc8 {[%emt 0:02:49]} 23. Nd1 {[%emt 0:08:01]} Nd2 {[%emt 0:05:24]} 24. Rh1 {[%emt 0:00:06]} Rc5 {[%emt 0:02:54]} 25. Ne3 {[%emt 0:08:00]} N2f3+ {[%emt 0:10:44]} 26. Bxf3 {[%emt 0:08:59]} Nxf3+ {[%emt 0:00:24]} 27. Kg2 {[%emt 0:00:41]} Ne5 {[%emt 0:02:25]} 28. Rhd1 {[%emt 0:03:33]} Rxd1 {[%emt 0:01:55]} 29. Rxd1 {[%emt 0:00:04]} Kf8 {[%emt 0:00:06]} 30. b4 {[%emt 0:00:11]} Rc7 {[%emt 0:01:24]} 31. Rd8+ {[%emt 0:05:59]} Ke7 {[%emt 0:00:28]} 32. Rh8 {[%emt 0:00:05]} h6 {[%emt 0:03:38]} 33. b5 {[%emt 0:00:24]} Nc4 {[%emt 0:00:48]} 34. Nxc4 {[%emt 0:00:46]} Rxc4 {[%emt 0:00:08]} 35. Ra8 {[%emt 0:00:03]} Rb4 {[%emt 0:02:12]} 36. Rxa7 {[%emt 0:00:09]} Rxb5 {[%emt 0:00:05]} 37. a4 {[%emt 0:00:14]} Rb3 {[%emt 0:00:48]} 38. a5 {[%emt 0:00:05]} Kf6 {[%emt 0:00:17]} 39. a6 {[%emt 0:00:36]} bxa6 {[%emt 0:00:05]} 40. Rxa6 {[%emt 0:00:02]} h5 {[%emt 0:01:05]} 41. Ra5 {[%emt 0:32:20]} g6 {[%emt 0:30:28]} 42. Rc5 {[%emt 0:00:13]} Rd3 {[%emt 0:00:05]} 43. Ra5 {[%emt 0:00:10]} Rd4 {[%emt 0:00:31]} 44. Rb5 {[%emt 0:00:11]} h4 {[%emt 0:00:34]} 45. gxh4 {[%emt 0:00:11]} Rxh4 {[%emt 0:00:05]} 46. Ra5 {[%emt 0:00:10]} g5 {[%emt 0:00:41]} 47. Rb5 {[%emt 0:00:33]} Rd4 {[%emt 0:00:27]} 48. Ra5 {[%emt 0:00:11]} Kg6 {[%emt 0:00:46]} 49. Re5 {[%emt 0:01:35]} Rd6 {[%emt 0:00:27]} 50. Kg3 {[%emt 0:00:23]} f5 {[%emt 0:00:54]} 51. Ra5 {[%emt 0:00:04]} Rd3+ {[%emt 0:00:11]} 52. Kg2 {[%emt 0:00:06]} g4 {[%emt 0:03:01]} 53. Re5 {[%emt 0:01:01]} Kf6 {[%emt 0:00:09]} 54. Ra5 {[%emt 0:00:04]} e5 {[%emt 0:01:38]} 55. Rb5 {[%emt 0:00:07]} e4 {[%emt 0:00:11]} 56. Ra5 {[%emt 0:00:46]} Kg5 {[%emt 0:00:26]} 57. Rb5 {[%emt 0:00:22]} Kf4 {[%emt 0:00:09]} 58. Rb4 {[%emt 0:00:28]} g3 {[%emt 0:00:12]} 59. fxg3+ {[%emt 0:00:09]} Rxg3+ {[%emt 0:00:06]} 60. Kf2 {[%emt 0:01:03]} Rd3 {[%emt 0:00:09]} 61. Ke2 {[%emt 0:00:46]} Rh3 {[%emt 0:00:14]} 62. Kf2 {[%emt 0:00:44]} Rh2+ {[%emt 0:00:06]} 63. Kg1 {[%emt 0:00:17]} Rd2 {[%emt 0:00:24]} 64. Rb3 {[%emt 0:00:34]} e3 {[%emt 0:00:23]} 65. Ra3 {[%emt 0:00:08]} Rd1+ {[%emt 0:00:15]} 66. Kg2 {[%emt 0:00:05]} e2 {[%emt 0:00:25]} 0-1

[Event "18th Charleroi Open-A 2019"]
[Site "Charleroi"]
[Date "2019.07.27"]
[Round "1.20"]
[White "Manafov, Vugar"]
[Black "Callier, Christophe"]
[Result "1/2-1/2"]
[WhiteElo "2175"]
[BlackElo "1986"]
[Annotator "NA"]
[PlyCount "82"]
[EventDate "2019.07.22"]
[EventType "swiss"]
[EventCountry "BEL"]
[SourceTitle "playchess.com"]
[Source "ChessBase"]
[SourceQuality "1"]
[TimeControl "40/5400+30:1800+30"]

1. e4 {[%emt 0:00:00]} c5 {[%emt 0:00:00]} 2. Nf3 {[%emt 0:00:00]} g6 {[%emt 0:00:00]} 3. d4 {[%emt 0:00:00]} cxd4 {[%emt 0:00:00]} 4. Nxd4 {[%emt 0:00:05]} Nc6 {[%emt 0:00:00]} 5. Nc3 {[%emt 0:00:15]} Bg7 {[%emt 0:00:00]} 6. Nb3 {[%emt 0:00:27]} Nf6 {[%emt 0:01:40]} 7. Be2 {[%emt 0:00:13]} O-O {[%emt 0:02:13]} 8. O-O {[%emt 0:01:00]} b6 {[%emt 0:02:50]} 9. f4 {[%emt 0:00:36]} d6 {[%emt 0:01:13]} 10. Bf3 {[%emt 0:01:38]} Bb7 {[%emt 0:00:57]} 11. Be3 {[%emt 0:02:51]} Nd7 {[%emt 0:05:12]} 12. Qd2 {[%emt 0:03:04]} a5 {[%emt 0:09:33]} 13. a4 {[%emt 0:01:43]} Nb4 {[%emt 0:03:50]} 14. Rad1 {[%emt 0:08:28]} Nc5 {[%emt 0:11:52]} 15. Nxc5 {[%emt 0:14:56]} dxc5 {[%emt 0:02:12]} 16. e5 {[%emt 0:01:09]} Bxf3 {[%emt 0:05:11]} 17. Rxf3 {[%emt 0:00:46]} Qxd2 {[%emt 0:01:11]} 18. Rxd2 {[%emt 0:00:10]} Rfd8 {[%emt 0:00:40]} 19. Rff2 {[%emt 0:01:57]} Kf8 {[%emt 0:06:18]} 20. g4 {[%emt 0:06:08]} e6 {[%emt 0:05:34]} 21. Kg2 {[%emt 0:05:05]} Nd5 {[%emt 0:05:00]} 22. Nd1 {[%emt 0:01:47]} Ke7 {[%emt 0:04:09]} 23. c3 {[%emt 0:13:16]} Rac8 {[%emt 0:07:59]} 24. h4 {[%emt 0:03:56]} Rc7 {[%emt 0:08:19]} 25. Kf3 {[%emt 0:09:44]} Rcd7 {[%emt 0:01:51]} 26. Rd3 {[%emt 0:04:15]} f6 {[%emt 0:03:54]} 27. exf6+ {[%emt 0:02:05]} Nxf6 {[%emt 0:00:29]} 28. Rxd7+ {[%emt 0:00:22]} Rxd7 {[%emt 0:00:08]} 29. Rd2 {[%emt 0:00:57]} Nd5 {[%emt 0:01:17]} 30. Nf2 {[%emt 0:01:12]} Rd8 {[%emt 0:03:12]} 31. Ne4 {[%emt 0:01:51]} Rc8 {[%emt 0:02:44]} 32. Ng5 {[%emt 0:06:22]} h6 {[%emt 0:00:31]} 33. Ne4 {[%emt 0:00:01]} Nf6 {[%emt 0:01:29]} 34. Nxf6 {[%emt 0:02:37]} Bxf6 {[%emt 0:00:10]} 35. Ke4 {[%emt 0:00:53]} Bxh4 {[%emt 0:02:52]} 36. Rh2 {[%emt 0:00:44]} g5 {[%emt 0:00:18]} 37. fxg5 {[%emt 0:02:52]} hxg5 {[%emt 0:00:31]} 38. Rh1 {[%emt 0:00:33]} Rf8 {[%emt 0:01:34]} 39. c4 {[%emt 0:01:34]} Rf7 {[%emt 0:01:50]} 40. Rd1 {[%emt 0:00:29]} Rf8 {[%emt 0:00:27]} 41. Rh1 {[%emt 0:32:45]} Rf7 {[%emt 0:11:34]} 1/2-1/2

[Event "18th Charleroi Open-A 2019"]
[Site "Charleroi"]
[Date "2019.07.27"]
[Round "1.21"]
[White "Verhalle, Elias"]
[Black "Goormachtigh, Johan"]
[Result "1-0"]
[WhiteElo "1983"]
[BlackElo "2164"]
[Annotator "NA"]
[PlyCount "51"]
[EventDate "2019.07.22"]
[EventType "swiss"]
[EventCountry "BEL"]
[SourceTitle "playchess.com"]
[Source "ChessBase"]
[SourceQuality "1"]
[TimeControl "40/5400+30:1800+30"]

1. c4 {[%emt 0:00:00]} c6 {[%emt 0:00:00]} 2. Nf3 {[%emt 0:00:29]} d5 {[%emt 0:00:00]} 3. g3 {[%emt 0:01:15]} Nf6 {[%emt 0:00:34]} 4. Bg2 {[%emt 0:00:44]} Bf5 {[%emt 0:00:04]} 5. cxd5 {[%emt 0:01:51]} cxd5 {[%emt 0:04:38]} 6. Qb3 {[%emt 0:03:17]} Qb6 {[%emt 0:00:37]} 7. Qxb6 {[%emt 0:00:53]} axb6 {[%emt 0:00:04]} 8. d3 {[%emt 0:00:25]} Nc6 {[%emt 0:01:53]} 9. O-O {[%emt 0:06:33]} h6 {[%emt 0:08:15]} 10. Nc3 {[%emt 0:05:37]} e6 {[%emt 0:00:07]} 11. Nb5 {[%emt 0:04:33]} Kd7 {[%emt 0:01:13]} 12. Bf4 {[%emt 0:09:17]} Be7 {[%emt 0:10:10]} 13. Ne5+ {[%emt 0:11:51]} Nxe5 {[%emt 0:14:11]} 14. Bxe5 {[%emt 0:00:20]} Rhc8 {[%emt 0:01:09]} 15. e4 {[%emt 0:06:46]} Bg6 {[%emt 0:07:57]} 16. Nc3 {[%emt 0:15:55]} dxe4 {[%emt 0:26:46]} 17. dxe4 {[%emt 0:01:44]} Ke8 {[%emt 0:00:04]} 18. Rfd1 {[%emt 0:01:07]} Bh5 {[%emt 0:06:14]} 19. Rd2 {[%emt 0:07:05]} Rd8 {[%emt 0:05:17]} 20. Rc2 {[%emt 0:04:35]} Rac8 {[%emt 0:06:00]} 21. h3 {[%emt 0:01:17]} Bd1 {[%emt 0:00:46]} 22. Rcc1 {[%emt 0:01:13]} Bh5 {[%emt 0:00:31]} 23. Nb5 {[%emt 0:06:31]} Rc5 {[%emt 0:03:03]} 24. Rxc5 {[%emt 0:02:33]} bxc5 {[%emt 0:01:04]} 25. g4 {[%emt 0:02:00]} Bg6 {[%emt 0:00:04]} 26. Re1 {[%emt 0:05:09]} 1-0

[Event "18th Charleroi Open-A 2019"]
[Site "Charleroi"]
[Date "2019.07.27"]
[Round "1.22"]
[White "Lacroix, Bruno"]
[Black "Van Doren, Bas"]
[Result "1/2-1/2"]
[WhiteElo "2152"]
[BlackElo "1976"]
[Annotator "TA"]
[PlyCount "80"]
[EventDate "2019.07.22"]
[EventType "swiss"]
[EventCountry "BEL"]
[SourceTitle "playchess.com"]
[Source "ChessBase"]
[SourceQuality "1"]

{[%evp 12,80,5,0,38,26,27,-3,61,58,65,57,73,64,68,55,69,19,47,45,28,23,37,0,23,9,12,11,12,16,58,55,76,68,64,0,0,0,0,-12,-12,-12,-20,-16,-16,-19,-20,-44,-18,-29,0,0,0,0,0,0,0,0,0,0,0,0,0,0,0,0,0,0,0,0,0]} 1. e4 c5 2. Nf3 e6 3. c3 Nf6 4. e5 Nd5 5. d4 cxd4 6. cxd4 d6 7. Bd3 Nd7 {B22: Sicilian: 2 c3} (7... dxe5 8. dxe5 Nb4 9. Be4 Qxd1+ 10. Kxd1 Nd7 11. Bd2 a5 12. a3 Nc5 13. axb4 Nxe4 14. Be1 b6 15. Nc3 Nxc3+ 16. Bxc3 {½-½ (50) Mamedyarov,S (2747)-Caruana,F (2787) Wijk aan Zee 2016}) 8. O-O dxe5 9. dxe5 Nc5 (9... b6 $11) 10. Bc4 $14 Be7 11. Bxd5 $146 ({Predecessor:} 11. Qd4 Nb6 12. Be2 Qxd4 13. Nxd4 O-O 14. Nc3 Rd8 15. Be3 {0-1 (60) Cheymol,E (2188)-Salvador,R (2445) Elancourt 2009}) 11... Qxd5 12. Qxd5 exd5 13. Nc3 Be6 14. Bg5 Rc8 15. Bxe7 Kxe7 16. Rfd1 Rhd8 17. Rd4 b6 18. h3 Ne4 19. Nxe4 dxe4 20. Rxe4 Rc2 21. Nd4 Rc7 22. a3 g6 23. Nxe6 ({Better is} 23. Rd1 $14) 23... Kxe6 {[%mdl 4096] Endgame KRR-KRR} 24. Rae1 Rd2 25. R1e2 Rc1+ 26. Kh2 Rcc2 27. Rxd2 Rxd2 $11 {KR-KR} 28. f4 $1 Rxb2 29. Rd4 Rb3 30. a4 $1 a5 31. g4 {The position is equal.} Rb4 32. Rd6+ Ke7 33. Kg3 h6 34. Kf3 Rxa4 35. Rxb6 Rb4 36. Ra6 a4 37. f5 gxf5 38. gxf5 Rh4 39. Ra7+ Kf8 40. Kg3 Re4 {Accuracy: White = 74%, Black = 47%.} 1/2-1/2

[Event "18th Charleroi Open-A 2019"]
[Site "Charleroi"]
[Date "2019.07.27"]
[Round "1.23"]
[White "Verbist, Julien"]
[Black "Dauw, Sterre"]
[Result "1-0"]
[WhiteElo "1974"]
[BlackElo "2148"]
[Annotator "TA"]
[PlyCount "81"]
[EventDate "2019.07.22"]
[EventType "swiss"]
[EventCountry "BEL"]
[SourceTitle "playchess.com"]
[Source "ChessBase"]
[SourceQuality "1"]

{[%evp 17,81,12,24,10,15,9,12,1,10,12,17,25,34,21,45,0,58,17,39,43,77,46,97,91,93,92,94,93,93,77,99,28,106,97,303,295,287,288,320,300,430,26,35,40,52,18,18,24,80,64,96,93,148,158,255,157,181,175,321,270,278,188,440,429,1000,999]} 1. Nf3 Nf6 2. d4 g6 3. c4 Bg7 4. e3 O-O 5. Be2 c5 6. d5 d6 7. O-O e6 8. Nc3 exd5 9. cxd5 Bg4 10. h3 {E61: King's Indian: Early deviations for White, including Smyslov System} Bxf3 11. Bxf3 Nbd7 12. Rb1 {The position is equal.} (12. Qc2 a6 13. a4 c4 14. Be2 Rc8 15. a5 Rc5 16. Qa4 Re8 17. Rd1 Ne4 18. Nxe4 Rxe4 {0-1 (28) Inarkiev,E (2690)-Dubov,D (2691) Satka 2018}) 12... Re8 $146 ({Predecessor:} 12... a6 13. b3 b5 14. Bb2 Re8 15. g3 b4 16. Na4 Ne4 17. Qc2 f5 {½-½ (29) Ilinsky,V (2340)-Lukin,A (2450) Frunze 1989}) 13. Bd2 Re7 14. Qc2 h5 15. e4 a6 16. a4 Rb8 (16... c4 $11) 17. Bf4 Ne5 18. Be2 Qa5 19. Bd2 Qb4 (19... c4 $14) 20. b3 $16 Rbe8 21. Kh1 Ned7 {[%cal Rf6e4]} 22. f3 {[#] aiming for Nb5.} Qb6 23. Bg5 Re5 24. f4 (24. Bf4 $16) 24... Nxe4 (24... Rxg5 $11 {keeps the balance.} 25. fxg5 Nh7) 25. fxe5 Nxg5 $2 {[#]} (25... Ng3+ $16 {was worth a try.} 26. Kg1 Rxe5) 26. e6 $1 $18 {[%mdl 512] Black must now prevent Ne4.} Ne5 (26... fxe6 27. Qxg6) 27. h4 Qb4 28. g3 Nh7 (28... Nxe6 $142 29. dxe6 Rxe6) 29. Na2 $2 ({Don't take} 29. exf7+ Nxf7 30. Qxg6 Re7 $18) (29. Rf4 $18 Rc8 30. Nb5) 29... Qd4 $11 30. Rbd1 Qe3 31. exf7+ Nxf7 32. Bf3 $1 $36 {[%mdl 2048] White is pushing.} ({Much worse is} 32. Qxg6 Nh8 $17) 32... Ne5 (32... Nf6 $11 {remains equal.}) 33. Rde1 $16 Qh6 34. Nc3 g5 ({Black should play} 34... Rf8 35. Qe2 Nf6) 35. Be4 Nf6 (35... g4 $16 36. Bxh7+ Qxh7) 36. Bf5 {Be6+ is the strong threat.} gxh4 37. gxh4 Nfg4 (37... Kh8 {might work better.} 38. Ne4 Nxe4 39. Qxe4 (39. Bxe4 Ng4 $16) 39... Bf6) 38. Be6+ $18 Kh8 39. Qe2 Ng6 $2 (39... Rxe6 40. dxe6 Qxe6) 40. Ne4 Nxh4 (40... Rd8 $142 41. Bxg4 hxg4 42. Qxg4 Ne5) 41. Nxd6 {[%mdl 64] Double Attack. Accuracy: White = 52%, Black = 12%.} 1-0

[Event "18th Charleroi Open-A 2019"]
[Site "Charleroi"]
[Date "2019.07.27"]
[Round "1.24"]
[White "De Villers, Mourad"]
[Black "Butzen, Robin"]
[Result "1-0"]
[WhiteElo "2140"]
[BlackElo "1967"]
[Annotator "TA"]
[PlyCount "67"]
[EventDate "2019.07.22"]
[EventType "swiss"]
[EventCountry "BEL"]
[SourceTitle "playchess.com"]
[Source "ChessBase"]
[SourceQuality "1"]

{[%evp 9,67,46,91,62,85,61,49,73,111,118,116,89,106,64,44,41,147,58,61,65,69,61,85,82,77,75,89,97,134,134,123,125,133,129,129,131,195,204,270,246,255,261,258,236,254,244,247,29,41,0,245,108,102,102,116,123,549,554,551,514]} 1. Nf3 d5 2. g3 Nc6 3. d4 Bg4 4. Bg2 f6 (4... e6 5. O-O Bd6 6. c4 Nf6 7. Nc3 O-O 8. cxd5 Nxd5 9. h3 Bh5 10. e4 Nxc3 11. bxc3 Rb8 12. Rb1 f6 13. Be3 b6 14. Qc2 e5 15. Nh4 Na5 16. Nf5 Nc4 {0-1 (48) Smirin,I (2609)-Yakubboev,N (2556) St Petersburg 2018}) 5. h3 Bf5 6. c4 $146 {D02: 1 d4 d5 2 Nf3 sidelines, including 2...Nf6 3 g3 and 2...Nf6 3 Bf4} ({Predecessor:} 6. c3 Qd7 {½-½ (6) Markov,V (2207)-Benderac,A (2237) Belgrade 1999}) 6... e5 7. cxd5 Qxd5 {[%cal Re5d4]} 8. Nc3 {White is slightly better.} Bb4 {[%cal Re5d4]} 9. O-O Qd7 {[%cal Re5d4]} 10. dxe5 Bxh3 11. Qxd7+ (11. Qb3 {seems wilder.} Be6 12. Qc2 fxe5 13. Rd1 Bd6 14. Nb5) 11... Bxd7 12. Nd5 Ba5 (12... O-O-O $1 $14) 13. exf6 ({White should play} 13. Bd2 $16 {Threatens to win with Bxa5.} O-O-O 14. b4) 13... Nxf6 $14 14. Nxf6+ gxf6 15. a3 O-O-O 16. b4 $36 {[%mdl 2048] White is really pushing.} Bb6 17. Bb2 Rhf8 18. Rfd1 Ne5 19. Nxe5 fxe5 20. e3 Rfe8 21. Rd5 Bg4 22. Rxd8+ Kxd8 (22... Rxd8 $16 23. Bxe5 h5) 23. Bxb7 $18 e4 24. Bc6 {[#] aiming for Bf6+.} Re6 25. Bd5 Re8 26. a4 a5 27. bxa5 Bxa5 28. Bc6 $2 (28. Rc1 $18) 28... Re6 $11 29. Bd5 $2 (29. Bb5 $14) 29... Re8 $1 $18 30. Rb1 (30. Rc1 $18 {is the precise move to win.}) 30... Kd7 $16 31. Rc1 {[#] Bc6+ is the strong threat.} Kd6 32. Bc6 Re6 $2 {[%mdl 8192]} (32... Rb8 $16 {is more resistant.}) 33. Ba3+ $18 Ke5 34. Bd7 {Accuracy: White = 57%, Black = 44%.} 1-0

[Event "18th Charleroi Open-A 2019"]
[Site "Charleroi"]
[Date "2019.07.27"]
[Round "1.25"]
[White "Godry, Clement"]
[Black "Duhayon, Yves"]
[Result "1/2-1/2"]
[WhiteElo "1962"]
[BlackElo "2132"]
[Annotator "TA"]
[PlyCount "95"]
[EventDate "2019.07.22"]
[EventType "swiss"]
[EventCountry "BEL"]
[SourceTitle "playchess.com"]
[Source "ChessBase"]
[SourceQuality "1"]

{[%evp 21,95,-45,-41,-60,-41,-47,-27,-46,-51,-60,-60,-64,-51,-60,-37,-69,-75,-54,-30,-21,0,-47,-51,-50,-41,-41,-32,-45,-40,-87,-24,-39,-21,-54,-35,-79,0,0,0,0,77,-25,-23,-28,-19,-42,-43,-41,-5,-29,148,124,126,114,58,60,100,97,81,8,8,8,8,8,8,8,8,8,8,0,0,0,0,0,0,0]} 1. e4 c5 2. Nf3 e6 3. d3 Nc6 4. g3 Nf6 5. Bg2 Be7 6. O-O O-O 7. Nbd2 d5 8. Re1 Qc7 9. e5 Nd7 10. Qe2 b5 11. Nf1 Bb7 12. Bf4 {C00: French: Unusual White 2nd moves} Rfc8 13. h4 (13. Ne3 Qd8 14. h4 h6 15. c3 b4 16. c4 Nb6 17. Rad1 Rc7 18. Ng4 Qf8 19. Qe3 Nd4 20. Nxd4 cxd4 {0-1 (44) Svidler,P (2760)-Kramnik,V (2800) Moscow 2018}) 13... a5 {[%cal Ba7a5,Ba5a4,Ba4a3][%mdl 32]} 14. N1h2 {Black has an edge.} Qd8 15. h5 h6 $1 16. Ng4 Bf8 17. Qd2 b4 18. c3 $146 ({Predecessor:} 18. Ne3 a4 19. a3 Nd4 20. axb4 Nxf3+ 21. Bxf3 cxb4 {1-0 (54) Schippers,M (2276)-Merario Alarcon,A (2405) Caleta 2019}) 18... a4 19. c4 dxc4 20. dxc4 {[%cal Rf4h6]} Nb6 21. Bxh6 Qxd2 22. Bxd2 Nxc4 23. Bc1 a3 24. b3 Nb2 25. Be3 Ne7 (25... c4 $17 {...cxb3 is the strong threat.} 26. bxc4 Na5) 26. h6 $1 $11 Nf5 {[%cal Rg7h6]} 27. hxg7 $1 Bxg7 28. Bg5 Ra7 (28... Nd3 $17 29. Rf1 c4 30. bxc4 Bxf3 31. Bxf3 Ra5) 29. Nf6+ Kf8 $1 30. g4 Nh6 {[#]} (30... Ne7 $11) 31. Bxh6 (31. Nd2 $1 $16) 31... Bxh6 32. g5 Bg7 33. Kh2 Ke7 34. Kg3 Bxf3 35. Bxf3 Bxf6 $2 (35... c4 $11 36. bxc4 Rxc4) 36. exf6+ $16 ({But not} 36. gxf6+ $6 Kd7 $11) 36... Kd6 37. Be4 c4 38. bxc4 Rac7 39. f4 Rxc4 {[#]} 40. Re3 (40. Kg4 $1 $16) 40... Rd4 $11 {The position is equal.} 41. f5 {Black must now prevent fxe6.} Nc4 42. Rd3 Rxd3+ 43. Bxd3 {And now Rc1 would win.} exf5 44. Bxf5 {KRB-KRN} Rc5 45. Kf4 Ne3 46. Be4 {Hoping for g6.} Nd5+ 47. Bxd5 Rxd5 48. Rb1 {Accuracy: White = 56%, Black = 41%.} 1/2-1/2

[Event "18th Charleroi Open-A 2019"]
[Site "Charleroi"]
[Date "2019.07.27"]
[Round "1.26"]
[White "Werner, Ivan"]
[Black "Van Haelst, Raymond"]
[Result "1/2-1/2"]
[WhiteElo "2129"]
[BlackElo "1947"]
[Annotator "TA"]
[PlyCount "128"]
[EventDate "2019.07.22"]
[EventType "swiss"]
[EventCountry "BEL"]
[SourceTitle "playchess.com"]
[Source "ChessBase"]
[SourceQuality "1"]

{[%evp 17,128,15,3,-4,35,-12,-13,-22,-12,-10,-14,-26,-8,-12,-3,-23,-8,-10,0,-10,-15,-29,-29,-29,-29,-29,-27,-28,-29,-34,-11,-19,0,-27,0,-8,0,0,5,0,53,-16,-12,-27,-17,-28,-33,-43,0,-20,61,54,58,53,72,0,0,0,22,-12,124,135,131,129,100,0,6,0,60,59,56,25,114,-8,-8,-8,-8,-8,-8,-8,-8,-8,0,-26,-26,-26,-26,-26,-26,-26,-26,-26,-26,-26,-22,-22,-22,-22,-22,-30,-12,-66,0,0,29956,0,0,0,0,0,0,0,0]} 1. Nf3 Nf6 2. g3 d5 3. Bg2 g6 4. O-O Bg7 5. d3 O-O 6. Nbd2 c5 7. e4 Nc6 8. Re1 e6 9. c3 b6 10. Nf1 {A08: King's Indian Attack} (10. a3 Ba6 11. e5 Nd7 12. d4 cxd4 13. cxd4 f6 14. exf6 Qxf6 15. Nb3 Bc4 16. Be3 h6 17. Rc1 Rac8 18. Nbd2 {0-1 (62) Amonatov,F (2614)-Fridman,D (2633) St Petersburg 2018}) 10... Bb7 11. Bg5 $146 ({Predecessor:} 11. e5 Nd7 12. Bf4 a5 13. h4 a4 14. a3 b5 15. N1h2 Ra7 16. h5 Ne7 17. hxg6 fxg6 18. Qd2 Nf5 19. g4 Ne7 20. g5 {1-0 (51) Unuk,L (2329)-Cornette,D (2467) Stary Smokovec 2018}) 11... h6 12. Bxf6 Bxf6 13. e5 Bg7 14. d4 Rc8 15. Qd2 Qe7 16. Ne3 Rc7 17. Rac1 Rfc8 18. Bf1 a6 19. Bd3 cxd4 20. cxd4 Qb4 21. Qxb4 Nxb4 22. Rxc7 Rxc7 23. Bb1 $1 h5 24. h4 Bh6 25. Ng5 Nc6 26. Rd1 a5 27. f4 Ba6 28. Kf2 a4 (28... Bxg5 $11 29. fxg5 a4) 29. Nf3 (29. g4 $1 $14) 29... Na5 $11 30. Ne1 Bf8 31. g4 Be7 32. Nf3 Nc4 33. Nxc4 {Threatens to win with Ne3.} dxc4 (33... hxg4 $11 34. Nxb6 gxf3 35. Nxa4 Be2) 34. gxh5 $14 gxh5 35. Rg1+ Kf8 36. f5 ({Better is} 36. Bh7 $16 {[%csl Gh7][%cal Rg1g8]} Ke8 37. f5) 36... exf5 37. Bxf5 a3 38. Bh7 {[%csl Gh7][%cal Rg1g8]} Ke8 (38... f6 $1 $11 39. bxa3 c3) 39. Rg8+ $16 Bf8 40. bxa3 {And now Ng5 would win.} c3 {Hoping for ...c2.} 41. Ne1 (41. Bc2 $16) 41... Bc4 $11 42. Nc2 Bxa2 (42... f6 $1 $11 43. Bg6+ Ke7) 43. Rh8 $14 f6 44. Bg6+ {[%mdl 64] [#] Discovered Attack} Bf7 (44... Ke7 $11) 45. Bxh5 (45. Bxf7+ $16 Kxf7 46. exf6 (46. Rxh5 Kg6 $11)) 45... fxe5 $11 46. dxe5 Bxh5 47. Rxh5 $16 {[%mdl 4096] Endgame KRB-KRN} Rd7 {Strongly threatening ...Rd2+.} 48. Ke1 $1 Rd2 49. Nb4 Rd4 50. Rh8 (50. Nc2 $5 {[%cal Rc2d4]} Rd2 51. Nb4 $15) 50... Kf7 51. e6+ Kg7 52. e7 $1 {[%cal Re7f8]} Bxe7 {[%mdl 64] [#] Double Attack} 53. Rc8 Bc5 54. Rc6 Rxh4 {aiming for ...Rd4.} 55. Kd1 Rh2 56. Re6 Rd2+ 57. Kc1 Kf7 58. Rc6 Ke7 59. Rg6 (59. Rh6 $1 $11) 59... Be3 (59... Bd6 $15) 60. Rg3 $11 Re2+ $2 {[%mdl 8192]} (60... Bf4 $11 61. Rxc3 Rh2+ 62. Kb1 Rd2) 61. Kd1 $2 (61. Rxe3+ $1 {mates} Rxe3 62. Nd5+ {[%mdl 64] Double Attack} Kd6 63. Nxe3 Kc5 64. Kc2 Kb5 65. Kxc3 Ka4 66. Nc2) 61... Rd2+ {The position is equal.} 62. Kc1 Bd4 63. Nc6+ Kd6 64. Nxd4 Rxd4 {Accuracy: White = 48%, Black = 41%.} 1/2-1/2